000 01271nam0a22002651 4500
001 rc\3995664
005 20260407201330.0
021 _aRU
_b[49-27796]
035 _a(NLR Aleph) 008070235
090 _a9058175
_c9058175
100 _a20130415d1949 |||y0rusy50 ca
101 0 _arus
102 _aRU
105 _aa c |||||
200 1 _aВременные указания по применению спасательных плавательных средств - жилета САЖ-43 и лодки МЛАС-1 - при вынужденных прыжках с парашютом на воду в частях ВВС вооруженных сил Союза ССР
_fМ-во вооруж. сил СССР
210 _aМосква
_cВоен. изд-во
_d1949
_gТип. им. Тимошенко
215 _a20 с.
_cил.
_d17
606 _aПарашютные прыжки на воду
_xСпасательные средства
_2psbo
606 _aСпасательные плавательные средства
_2psbo
712 0 1 _aСССР
_bМинистерство вооруженных сил
_3RU\NLR\AUTH\8810132163
_9760868
801 0 _aRU
_bNLR
_gpsbo
801 1 _aRU
_bELAR
_2rusmarc
852 _aNLR
_jВ80 Г-2/220
942 _cBOOK
980 _aNB